[Event "Moscow op-A 19th"]
[Site "Moscow"]
[Date "2023.07.18"]
[Round "2"]
[White "Zhuravlev, Stepan"]
[Black "Chernobay, Artem"]
[Result "1/2-1/2"]
[WhiteElo "2072"]
[BlackElo "2467"]
[PlyCount "115"]
[EventDate "2023.07.17"]
[EventType "swiss"]
[EventRounds "9"]
[EventCountry "RUS"]
[SourceTitle "CBM 215 Extra"]
[Source "ChessBase"]
[SourceDate "2023.09.30"]
[SourceVersion "1"]
[SourceVersionDate "2023.09.30"]
[SourceQuality "1"]

1. d4 Nf6 2. c4 g6 3. Nc3 Bg7 4. e4 d6 5. Be2 0-0 6. Bg5 Na6 7. f4 c6 8. Nf3 Nc7 9. 0-0 b5 10. cxb5 cxb5 11. a3 Bb7 12. d5 a5 13. Qb3 Rb8 14. Rfd1 b4 15. axb4 axb4 16. Bxf6 exf6 17. Qxb4 Bxd5 18. Qa3 Ra8 19. Qb4 Rxa1 20. Rxa1 Ba8 21. Rd1 Ne6 22. Qxd6 Qa5 23. Qd2 Rd8 24. Qe3 Rxd1+ 25. Bxd1 Bf8 26. Kh1 Bh6 27. g3 Bf8 28. Kg2 Qa1 29. Qd2 Nc5 30. Qe2 Bb7 31. e5 fxe5 32. fxe5 Ne6 33. Qd2 Qa8 34. Nb5 Bg7 35. Nd6 Bd5 36. Qc3 Bf8 37. Kf2 Qa7+ 38. Qe3 Qb8 39. Qd2 Qb6+ 40. Kg2 Bxd6 41. Qxd5 Qxb2+ 42. Qd2 Qxd2+ 43. Nxd2 Bxe5 44. Nf3 Bc3 45. Bb3 Kg7 46. Bxe6 fxe6 47. Ng5 e5 48. Kf3 h6 49. Ne4 Bd4 50. h3 Kf7 51. Nd2 Ke6 52. Ke4 Bc3 53. Nf3 Kf6 54. g4 Bb2 55. Kd5 Bc3 56. Ke4 Bb2 57. Kd5 Bc3 58. Ke4 1/2-1/2

[Event "Bryansk Zilberstein Memorial 5th"]
[Site "Bryansk"]
[Date "2021.07.29"]
[Round "1"]
[White "Zhuravlev, Stepan"]
[Black "Paravyan, David"]
[Result "0-1"]
[WhiteElo "2182"]
[BlackElo "2625"]
[PlyCount "94"]
[EventDate "2021.07.29"]
[EventType "swiss (rapid)"]
[EventRounds "11"]
[EventCountry "RUS"]
[SourceTitle "CBM 203 Extra"]
[Source "ChessBase"]
[SourceDate "2021.09.30"]
[SourceVersion "1"]
[SourceVersionDate "2021.09.30"]
[SourceQuality "1"]

1. d4 Nf6 2. c4 e6 3. Nc3 d5 4. cxd5 exd5 5. Bg5 Be7 6. Qc2 h6 7. Bh4 0-0 8. e3 Re8 9. Bd3 c5 10. dxc5 d4 11. exd4 Bxc5+ 12. Nge2 Qxd4 13. Bg3 Na6 14. 0-0 Qd8 15. a3 Bg4 16. h3 Bxe2 17. Bxe2 Rc8 18. Rad1 Qa5 19. Bb5 Rf8 20. Qa4 Qb6 21. Rd2 Rfd8 22. Rfd1 Rxd2 23. Rxd2 Bf8 24. Bxa6 bxa6 25. Qc2 Qa5 26. Qd3 Bxa3 27. bxa3 Rxc3 28. Qd8+ Qxd8 29. Rxd8+ Kh7 30. Bd6 Ne4 31. Bb4 Rc1+ 32. Kh2 Nxf2 33. Rd7 Rh1+ 34. Kg3 Rf1 35. Rxa7 Ne4+ 36. Kh2 h5 37. h4 Rf6 38. Re7 Nf2 39. a4 Rf4 40. Rb7 Nd3 41. Bd2 Rxh4+ 42. Kg3 Rg4+ 43. Kh2 Nf4 44. g3 Ne2 45. Rxf7 Nxg3 46. a5 Kg8 47. Ra7 Nf1+ 0-1

[Event "Moscow op-A 16th"]
[Site "Moscow"]
[Date "2020.01.31"]
[Round "7"]
[White "Shaymardanov, Bakhtiyar"]
[Black "Zhuravlev, Stepan"]
[Result "1-0"]
[WhiteElo "1699"]
[BlackElo "2227"]
[PlyCount "111"]
[EventDate "2020.01.25"]
[EventType "swiss"]
[EventRounds "9"]
[EventCountry "RUS"]
[SourceTitle "CBM 194 Extra"]
[Source "ChessBase"]
[SourceDate "2020.03.31"]
[SourceVersion "1"]
[SourceVersionDate "2020.03.31"]
[SourceQuality "1"]

1. d4 d5 2. c4 e6 3. Nf3 Nf6 4. g3 Bb4+ 5. Bd2 Bd6 6. Nc3 c6 7. Qc2 Nbd7 8. e4 Nxe4 9. Nxe4 dxe4 10. Qxe4 Nf6 11. Qc2 c5 12. dxc5 Bxc5 13. b4 Bd6 14. Bg2 0-0 15. 0-0 Bd7 16. Rfd1 Qe7 17. a3 Bc6 18. Bc3 h6 19. Ne5 Bxg2 20. Kxg2 Rac8 21. Qe2 Rfd8 22. Rac1 a5 23. Ng4 Nxg4 24. Qxg4 f5 25. Qg6 axb4 26. axb4 Qf7 27. Qxf7+ Kxf7 28. c5 Bb8 29. Ra1 e5 30. Rxd8 Rxd8 31. Ra8 Ke6 32. b5 Bc7 33. Ra7 Rb8 34. c6 Kd5 35. Rxb7 Rxb7 36. cxb7 Kc4 37. b6 Bb8 38. Bd2 Kb5 39. Be3 Kc6 40. f3 Bd6 41. Kf2 Kxb7 42. Ke2 Be7 43. Kd3 Bd8 44. Kc4 Kc6 45. b7 Kxb7 46. Kd5 Bf6 47. Bd2 Kc7 48. Bc3 Kd7 49. Bxe5 Ke7 50. Bxf6+ Kxf6 51. f4 h5 52. Kd6 g6 53. h4 Kf7 54. Kd7 Kf6 55. Ke8 Kg7 56. Ke7 1-0

[Event "Pardubice Czech op-A 30th"]
[Site "Pardubice"]
[Date "2019.07.19"]
[Round "1"]
[White "Zhuravlev, Stepan"]
[Black "Salimova, Nurgyul"]
[Result "1/2-1/2"]
[WhiteElo "2182"]
[BlackElo "2416"]
[PlyCount "120"]
[EventDate "2019.07.19"]
[EventType "swiss"]
[EventRounds "9"]
[EventCountry "CZE"]
[SourceTitle "CBM 191"]
[Source "ChessBase"]
[SourceDate "2019.08.31"]
[SourceVersion "1"]
[SourceVersionDate "2019.08.31"]
[SourceQuality "1"]

1. d4 Nf6 2. c4 e6 3. Nc3 b6 4. a3 a5 5. e4 d6 6. Nf3 Bb7 7. Bd3 Nbd7 8. 0-0 e5 9. d5 g6 10. Rb1 Bg7 11. b4 0-0 12. Na4 axb4 13. axb4 Ba6 14. Ne1 Qe7 15. Be3 Rfb8 16. f3 Nh5 17. Rf2 Nf4 18. Bf1 b5 19. cxb5 Bxb5 20. Bxb5 Rxb5 21. Nc3 Rbb8 22. Rc2 Nb6 23. Ne2 f5 24. Bxf4 exf4 25. Nxf4 fxe4 26. Ne6 Bh6 27. fxe4 c5 28. bxc5 dxc5 29. Nf3 Nd7 30. Rxb8+ Rxb8 31. h3 Qf6 32. Ra2 c4 33. Kh1 c3 34. Qe1 Rb2 35. Ra8+ Kf7 36. Nd8+ Kg7 37. Ne6+ Kf7 38. e5 c2 39. exf6 Rb1 40. Rc8 Rxe1+ 41. Nxe1 c1Q 42. Rxc1 Bxc1 43. Nd3 Be3 44. Nc7 Kxf6 45. g4 Bb6 46. d6 Bc5 47. Nxc5 Nxc5 48. Kg2 Ke5 49. Ne8 Nb7 50. d7 Ke6 51. g5 Kxd7 52. Nf6+ Ke6 53. Nxh7 Kf5 54. Kf3 Nd6 55. h4 Nf7 56. Kg3 Nd6 57. Nf6 Nf7 58. Nh7 Nd6 59. Nf6 Nf7 60. Ng8 Nxg5 1/2-1/2

[Event "Chigorin Memorial 26th"]
[Site "St Petersburg"]
[Date "2018.11.03"]
[Round "8"]
[White "Zhuravlev, Stepan"]
[Black "Baltabaev, Temirlan"]
[Result "0-1"]
[WhiteElo "2114"]
[BlackElo "2332"]
[PlyCount "96"]
[EventDate "2018.10.27"]
[EventType "swiss"]
[EventRounds "9"]
[EventCountry "RUS"]
[SourceTitle "CBM 187 Extra"]
[Source "ChessBase"]
[SourceDate "2018.11.04"]
[SourceVersion "1"]
[SourceVersionDate "2018.11.04"]
[SourceQuality "1"]

1. d4 d5 2. c4 c6 3. Nc3 Nf6 4. e3 g6 5. Nf3 Bg7 6. Be2 0-0 7. 0-0 dxc4 8. Bxc4 Bg4 9. h3 Bxf3 10. Qxf3 Nbd7 11. Rd1 b5 12. Bb3 Qb6 13. e4 e5 14. Be3 Qb7 15. Rac1 Rfe8 16. a4 a6 17. Ba2 exd4 18. Bxd4 b4 19. Ne2 c5 20. Bxf6 Nxf6 21. Ng3 Rac8 22. Bc4 Qc6 23. b3 h5 24. Qf4 Rcd8 25. Rxd8 Rxd8 26. Re1 a5 27. Qg5 Rd4 28. Qf4 Qd7 29. Kf1 Qe7 30. f3 Nd7 31. Ne2 Be5 32. Qe3 Rd6 33. f4 Bd4 34. Nxd4 Rxd4 35. e5 Nb6 36. Qg3 Nxc4 37. bxc4 Rxc4 38. e6 Kh7 39. f5 gxf5 40. exf7 Qxf7 41. Qg5 Re4 42. Rd1 Rd4 43. Re1 Rd7 44. Kg1 b3 45. g4 b2 46. Kh2 fxg4 47. Qe3 Qg6 48. Qb3 Rd2+ 0-1

[Event "Chigorin Memorial 26th"]
[Site "St Petersburg"]
[Date "2018.10.31"]
[Round "5"]
[White "Korennoi, Viktor"]
[Black "Zhuravlev, Stepan"]
[Result "0-1"]
[WhiteElo "2306"]
[BlackElo "2114"]
[PlyCount "120"]
[EventDate "2018.10.27"]
[EventType "swiss"]
[EventRounds "9"]
[EventCountry "RUS"]
[SourceTitle "CBM 187 Extra"]
[Source "ChessBase"]
[SourceDate "2018.11.04"]
[SourceVersion "1"]
[SourceVersionDate "2018.11.04"]
[SourceQuality "1"]

1. d4 d5 2. c4 e6 3. Nc3 Nf6 4. cxd5 exd5 5. Bg5 c6 6. e3 Be7 7. Bd3 Nbd7 8. Qc2 Nh5 9. Bxe7 Qxe7 10. 0-0-0 Nb6 11. h3 g6 12. Nf3 Bd7 13. Kb1 0-0-0 14. Na4 Nxa4 15. Qxa4 Kb8 16. Rc1 Rhe8 17. Rc3 c5 18. Bb5 c4 19. b3 Bxb5 20. Qxb5 Rd6 21. Ka1 a6 22. Qb4 Rc6 23. Qa5 Qc7 24. Qxc7+ Rxc7 25. bxc4 dxc4 26. Rb1 Nf6 27. Nd2 Ne4 28. Nxe4 Rxe4 29. a4 f5 30. f3 Re8 31. Rb4 Rce7 32. Rbxc4 Rxe3 33. Rxe3 Rxe3 34. Kb2 Re7 35. Kc3 b6 36. Kd3 Kb7 37. d5 Rc7 38. Rh4 b5 39. axb5 axb5 40. g4 fxg4 41. fxg4 Kb6 42. d6 Rb7 43. Rh6 Kc6 44. h4 b4 45. Kc2 Kxd6 46. h5 Rg7 47. hxg6 hxg6 48. Rh8 Ke5 49. Rb8 Rc7+ 50. Kd3 Rc3+ 51. Kd2 Rc4 52. Rb5+ Kf4 53. Kd3 Rc3+ 54. Kd2 Rb3 55. g5 Kg4 56. Ke2 Rb1 57. Kf2 b3 58. Kg2 Rb2+ 59. Kf1 Kf4 60. Ke1 Ke3 0-1

[Event "Chigorin Memorial 26th"]
[Site "St Petersburg"]
[Date "2018.10.30"]
[Round "4"]
[White "Zhuravlev, Stepan"]
[Black "Vdovin, Vadim"]
[Result "1/2-1/2"]
[WhiteElo "2114"]
[BlackElo "2369"]
[PlyCount "61"]
[EventDate "2018.10.27"]
[EventType "swiss"]
[EventRounds "9"]
[EventCountry "RUS"]
[SourceTitle "CBM 187 Extra"]
[Source "ChessBase"]
[SourceDate "2018.11.04"]
[SourceVersion "1"]
[SourceVersionDate "2018.11.04"]
[SourceQuality "1"]

1. d4 Nf6 2. c4 g6 3. f3 c5 4. d5 d6 5. e4 Bg7 6. Nc3 a6 7. a4 e6 8. Bd3 exd5 9. exd5 0-0 10. Nge2 Nbd7 11. b3 Nh5 12. 0-0 Re8 13. Ra2 f5 14. g3 Ne5 15. Qc2 Bd7 16. Nf4 Nxf4 17. Bxf4 Qf6 18. Ne2 Re7 19. Bd2 Rae8 20. Rf2 g5 21. f4 Ng4 22. fxg5 Qf7 23. Rg2 Ne3 24. Bxe3 Rxe3 25. Rf2 Qh5 26. Kg2 Qxg5 27. Nf4 Bd4 28. Ne2 Bg7 29. Nf4 Bd4 30. Ne2 Bg7 31. Nf4 1/2-1/2

[Event "Pardubice op rapid 29th"]
[Site "Pardubice"]
[Date "2018.07.19"]
[Round "4"]
[White "Zhuravlev, Stepan"]
[Black "Priyanka, Nutakki"]
[Result "1/2-1/2"]
[WhiteElo "2121"]
[BlackElo "2180"]
[PlyCount "102"]
[EventDate "2018.07.18"]
[EventType "swiss (rapid)"]
[EventRounds "9"]
[EventCountry "CZE"]
[SourceTitle "CBM 185 Extra"]
[Source "ChessBase"]
[SourceDate "2018.07.29"]
[SourceVersion "1"]
[SourceVersionDate "2018.07.29"]
[SourceQuality "1"]

1. d4 Nf6 2. c4 e6 3. Nc3 Bb4 4. Qc2 0-0 5. a3 Bxc3+ 6. Qxc3 d6 7. Bg5 Nbd7 8. e3 h6 9. Bh4 e5 10. Bd3 Re8 11. Ne2 Nf8 12. h3 c6 13. 0-0-0 e4 14. Bc2 d5 15. c5 Ng6 16. Bg3 a5 17. Bh2 b6 18. Bd6 Ba6 19. Nf4 Nxf4 20. Bxf4 bxc5 21. dxc5 Nd7 22. Ba4 Rc8 23. Rhg1 Qf6 24. Qxa5 Be2 25. Rd2 Ra8 26. Qb4 Bc4 27. Bd6 Ne5 28. Bc2 Qg5 29. Rdd1 Qf6 30. Rd2 Qg5 31. Rdd1 Be2 32. Rde1 Bd3 33. Bxe5 Qxe5 34. Qd4 Qf5 35. f4 Bxc2 36. Kxc2 Reb8 37. Ra1 Qh5 38. Qd1 Qf5 39. Qd4 Qh5 40. Qd1 Qf5 41. g4 Qc8 42. b4 Qa6 43. Qd4 Qe2+ 44. Qd2 Qc4+ 45. Qc3 Qe2+ 46. Qd2 Qc4+ 47. Qc3 Qe2+ 48. Kb3 Qb5 49. g5 h5 50. h4 Ra5 51. Rgc1 Raa8 1/2-1/2

[Event "Pardubice op rapid 29th"]
[Site "Pardubice"]
[Date "2018.07.18"]
[Round "1"]
[White "Straka, Vojtech1111"]
[Black "Zhuravlev, Stepan"]
[Result "0-1"]
[WhiteElo "1977"]
[BlackElo "2121"]
[PlyCount "170"]
[EventDate "2018.07.18"]
[EventType "swiss (rapid)"]
[EventRounds "9"]
[EventCountry "CZE"]
[SourceTitle "CBM 185 Extra"]
[Source "ChessBase"]
[SourceDate "2018.07.29"]
[SourceVersion "1"]
[SourceVersionDate "2018.07.29"]
[SourceQuality "1"]

1. d4 d5 2. c4 e6 3. Nc3 Nf6 4. Nf3 Nbd7 5. g3 c6 6. Bg2 Be7 7. 0-0 0-0 8. Qc2 b6 9. b3 Bb7 10. Bb2 Rc8 11. Rfd1 Ba8 12. Rac1 Qc7 13. e4 Qb8 14. e5 Ne8 15. Qe2 Nc7 16. cxd5 cxd5 17. Nb5 Na6 18. a3 Bb7 19. Bf1 Nc7 20. Nxc7 Rxc7 21. Rxc7 Qxc7 22. Rc1 Qb8 23. Qb5 Rd8 24. Ne1 a6 25. Qe2 Rc8 26. Rxc8+ Qxc8 27. Qc2 Qxc2 28. Nxc2 Kf8 29. f4 g5 30. Ne3 gxf4 31. gxf4 f5 32. Be2 Kg7 33. Bh5 Nf8 34. Kf2 Ng6 35. Ng2 Bc6 36. Be2 a5 37. a4 Bb4 38. Ke3 Be8 39. Kd3 Ne7 40. Kc2 Kh6 41. Bc3 Bxc3 42. Kxc3 Bh5 43. Bb5 Ng6 44. Bd7 Bf3 45. Ne1 Be4 46. Bxe6 Nxf4 47. Bf7 Ne2+ 48. Kd2 Nxd4 49. Kc3 Ne2+ 50. Kd2 Nd4 51. Kc3 Nc6 52. e6 Kg7 53. Be8 Ne7 54. Nd3 Bxd3 55. Kxd3 Kf6 56. Bd7 Ke5 57. Kc3 f4 58. b4 h5 59. bxa5 bxa5 60. Kd3 h4 61. Ke2 Ke4 62. Bb5 f3+ 63. Kd2 d4 64. Ba6 Ke5 65. Bc4 Ng6 66. Bd3 Ne7 67. Bc4 Ke4 68. Ba6 Kd5 69. Bb7+ Kxe6 70. Bxf3 Ke5 71. Kd3 Nd5 72. Bd1 Nb6 73. Bb3 Nd7 74. Bd1 Kd5 75. Bb3+ Kc5 76. Be6 Nb6 77. Bb3 Nd5 78. Bd1 Nb4+ 79. Ke4 Kc4 80. Kf4 Nd5+ 81. Kg5 Nc3 82. Bg4 d3 83. Kxh4 d2 84. Kg5 Kd3 85. Bf5+ Ne4+ 0-1

[Event "Pardubice op rapid 29th"]
[Site "Pardubice"]
[Date "2018.07.18"]
[Round "2"]
[White "Zhuravlev, Stepan"]
[Black "Kobo, Ori"]
[Result "1/2-1/2"]
[WhiteElo "2121"]
[BlackElo "2508"]
[PlyCount "147"]
[EventDate "2018.07.18"]
[EventType "swiss (rapid)"]
[EventRounds "9"]
[EventCountry "CZE"]
[SourceTitle "CBM 185 Extra"]
[Source "ChessBase"]
[SourceDate "2018.07.29"]
[SourceVersion "1"]
[SourceVersionDate "2018.07.29"]
[SourceQuality "1"]

1. d4 e6 2. c4 b6 3. e4 Bb4+ 4. Bd2 Bxd2+ 5. Nxd2 Ne7 6. Bd3 d6 7. Ne2 e5 8. d5 0-0 9. 0-0 Ng6 10. b4 a5 11. a3 Nd7 12. Rc1 Nf4 13. Nxf4 exf4 14. Nf3 Qf6 15. Qc2 axb4 16. axb4 Ra3 17. e5 Nxe5 18. Nxe5 Qxe5 19. Bxh7+ Kh8 20. Rfe1 Qg5 21. Bd3 Bh3 22. g3 fxg3 23. fxg3 Rfa8 24. Qe2 g6 25. Rc2 Kg7 26. Be4 Re8 27. Qf2 Qe5 28. Rce2 Ra1 29. Bf3 Rxe1+ 30. Qxe1 Qd4+ 31. Kh1 Qd3 32. Qa1+ f6 33. Rf2 Re3 34. Bg2 Bxg2+ 35. Kxg2 Re5 36. Qf1 Qe4+ 37. Kg1 Qd4 38. Kg2 Re4 39. Rc2 Qe5 40. Qf2 Re1 41. Qf4 Qa1 42. Rf2 Qc3 43. Qg4 Re7 44. Qf4 Rf7 45. h4 Qxb4 46. h5 gxh5 47. Re2 Qb1 48. Re6 Qc2+ 49. Kh3 Qg6 50. Kh4 Qb1 51. Kxh5 Qh1+ 52. Qh4 Qf3+ 53. Qg4+ Qxg4+ 54. Kxg4 Kg6 55. Kf4 Rh7 56. g4 Rh1 57. Re7 Rf1+ 58. Kg3 Rc1 59. Rxc7 b5 60. Rc6 Rxc4 61. Rxd6 Kg5 62. Rb6 b4 63. d6 Rxg4+ 64. Kf3 Rd4 65. Ke3 Rd1 66. Rxb4 Rxd6 67. Kf3 f5 68. Kf2 Rd2+ 69. Kf3 Rd3+ 70. Kf2 Ra3 71. Rc4 f4 72. Rc8 Ra2+ 73. Kf3 Ra3+ 74. Kf2 1/2-1/2

[Event "RUS GP rap"]
[Site "Serpukhov"]
[Date "2018.02.24"]
[Round "11"]
[White "Kretov, Evgenij"]
[Black "Zhuravlev, Stepan"]
[Result "1/2-1/2"]
[WhiteElo "2218"]
[BlackElo "2135"]
[PlyCount "97"]
[EventDate "2018.02.23"]
[EventType "swiss (rapid)"]
[EventRounds "11"]
[EventCountry "RUS"]
[SourceTitle "CBM 183 Extra"]
[Source "ChessBase"]
[SourceDate "2018.04.19"]
[SourceVersion "1"]
[SourceVersionDate "2018.04.19"]
[SourceQuality "1"]

1. d4 d5 2. c4 e6 3. Nc3 Nf6 4. cxd5 exd5 5. Bg5 c6 6. Qc2 Be7 7. e3 Nbd7 8. Bd3 Nh5 9. Bxe7 Qxe7 10. Nf3 Nf4 11. 0-0 Nxd3 12. Qxd3 0-0 13. Rab1 h6 14. b4 a6 15. a4 Nb6 16. Nd2 Qg5 17. f3 Bf5 18. e4 dxe4 19. fxe4 Bh7 20. a5 Nd5 21. Rfe1 Nxc3 22. Qxc3 Rad8 23. Rbd1 Rfe8 24. Nf3 Qe7 25. e5 Bf5 26. Nd2 Bg4 27. Rc1 Qd7 28. Nb3 Be6 29. Rcd1 Bxb3 30. Qxb3 Qd5 31. Qc3 Re6 32. Re2 Rde8 33. Rf2 Rxe5 34. h3 Re3 35. Qd2 Qe4 36. Kh2 Qd5 37. Rdf1 R3e4 38. Rxf7 Qxf7 39. Rxf7 Kxf7 40. d5 cxd5 41. Qxd5+ R4e6 42. Qxb7+ R8e7 43. Qd5 Kg6 44. b5 axb5 45. Qxb5 Ra7 46. Qd3+ Kf7 47. Qf5+ Rf6 48. Qd5+ Kg6 49. Qe4+ 1/2-1/2

[Event "RUS GP rap"]
[Site "Serpukhov"]
[Date "2018.02.23"]
[Round "3"]
[White "Kharchenko, Boris"]
[Black "Zhuravlev, Stepan"]
[Result "1-0"]
[WhiteElo "2464"]
[BlackElo "2135"]
[PlyCount "117"]
[EventDate "2018.02.23"]
[EventType "swiss (rapid)"]
[EventRounds "11"]
[EventCountry "RUS"]
[SourceTitle "CBM 183 Extra"]
[Source "ChessBase"]
[SourceDate "2018.04.19"]
[SourceVersion "1"]
[SourceVersionDate "2018.04.19"]
[SourceQuality "1"]

1. e4 e5 2. Nf3 Nc6 3. Bb5 a6 4. Ba4 Nf6 5. 0-0 Be7 6. Re1 b5 7. Bb3 d6 8. c3 0-0 9. h3 Bb7 10. d4 Re8 11. Nbd2 Bf8 12. Bc2 g6 13. b3 Bg7 14. d5 Nb8 15. c4 c6 16. Bb2 Nbd7 17. Rc1 Rc8 18. Bb1 cxd5 19. cxd5 Rxc1 20. Qxc1 Qc8 21. Ba3 Bf8 22. Bb4 Qxc1 23. Rxc1 Rc8 24. Rxc8 Bxc8 25. a4 bxa4 26. bxa4 a5 27. Bxa5 Nc5 28. Bd8 Kg7 29. Bc2 Ba6 30. Nh2 Nb7 31. Bc7 Be7 32. Nhf1 Nd7 33. Ne3 Ndc5 34. Ndc4 Kf8 35. f3 Ke8 36. Kf2 Kd7 37. Bb6 Bg5 38. g3 Bh6 39. h4 Ke7 40. Bc7 Kd7 41. Bb8 Bf8 42. Nb6+ Kd8 43. Nec4 Be7 44. Ke3 Bf8 45. Bd1 Be7 46. Kd2 f5 47. Bc2 fxe4 48. fxe4 Bf8 49. Kc3 Be7 50. Kb4 Bxc4 51. Kxc4 Na6 52. Ba7 Kc7 53. Na8+ Kd7 54. Be3 Bd8 55. Kb5 Nac5 56. Nb6+ Kc7 57. Nc4 Be7 58. a5 Kb8 59. a6 1-0

[Event "RUS GP rap"]
[Site "Serpukhov"]
[Date "2018.02.23"]
[Round "2"]
[White "Zhuravlev, Stepan"]
[Black "Kryakvin, Dmitry"]
[Result "1/2-1/2"]
[WhiteElo "2135"]
[BlackElo "2567"]
[PlyCount "177"]
[EventDate "2018.02.23"]
[EventType "swiss (rapid)"]
[EventRounds "11"]
[EventCountry "RUS"]
[SourceTitle "CBM 183 Extra"]
[Source "ChessBase"]
[SourceDate "2018.04.19"]
[SourceVersion "1"]
[SourceVersionDate "2018.04.19"]
[SourceQuality "1"]

1. d4 Nf6 2. c4 c5 3. d5 g6 4. Nc3 Bg7 5. e4 0-0 6. Nf3 e6 7. Be2 exd5 8. exd5 d6 9. 0-0 Bf5 10. Bd3 Bxd3 11. Qxd3 Qb6 12. Re1 Na6 13. b3 Rfe8 14. Bb2 Nc7 15. Rab1 Qa5 16. a4 a6 17. Ra1 Ng4 18. h3 Ne5 19. Nxe5 Bxe5 20. Rxe5 Rxe5 21. Ne4 Rxe4 22. Qxe4 Qd2 23. Bf6 Ne8 24. Be7 Qc3 25. Rb1 Rb8 26. Bh4 Ng7 27. Bg3 Re8 28. Qf3 Qxf3 29. gxf3 Nf5 30. b4 Rc8 31. bxc5 Rxc5 32. Rxb7 Rxc4 33. Rb6 Nxg3 34. fxg3 Rxa4 35. Rxd6 Ra2 36. Rd7 Kg7 37. Ra7 Kf6 38. f4 h5 39. Kh1 a5 40. Kg1 a4 41. d6 h4 42. g4 Ra3 43. Kg2 Rg3+ 44. Kh2 a3 45. f5 gxf5 46. gxf5 Rd3 47. Kg2 Kxf5 48. d7 Kg5 49. Rxa3 Rxd7 50. Ra8 Rd6 51. Ra2 Rd4 52. Kh2 Kf5 53. Rf2+ Rf4 54. Rg2 Ke4 55. Re2+ Kf3 56. Re1 Kf2 57. Rg1 f5 58. Rg5 Kf3 59. Rg1 Ke2 60. Rg5 Rf3 61. Rh5 Rf4 62. Rg5 Ke3 63. Rg7 Rf2+ 64. Kg1 Rf3 65. Kh2 Rg3 66. Rh7 f4 67. Rxh4 Rg8 68. Rh7 f3 69. Re7+ Kd2 70. Rd7+ Ke1 71. Re7+ Kf1 72. h4 f2 73. Rf7 Rg2+ 74. Kh1 Rg4 75. Kh2 Rg2+ 76. Kh1 Rg3 77. Kh2 Re3 78. h5 Ke1 79. Kg2 Re2 80. Kg3 f1Q 81. Rxf1+ Kxf1 82. Kg4 Kf2 83. h6 Ke3 84. Kf5 Kd4 85. h7 Rh2 86. Kg6 Ke5 87. Kg7 Rg2+ 88. Kf8 Rh2 89. Kg7 1/2-1/2

[Event "Kolomna rapid op"]
[Site "Kolomna"]
[Date "2018.02.17"]
[Round "10"]
[White "Balashov, Yuri S"]
[Black "Zhuravlev, Stepan"]
[Result "1-0"]
[WhiteElo "2431"]
[BlackElo "2135"]
[PlyCount "91"]
[EventDate "2018.02.16"]
[EventType "swiss (rapid)"]
[EventRounds "11"]
[EventCountry "RUS"]
[SourceTitle "CBM 183 Extra"]
[Source "ChessBase"]
[SourceDate "2018.04.19"]
[SourceVersion "1"]
[SourceVersionDate "2018.04.19"]
[SourceQuality "1"]

1. Nf3 d5 2. g3 c6 3. Bg2 Bg4 4. d3 Nd7 5. Nbd2 Ngf6 6. h3 Bh5 7. 0-0 e5 8. e4 Bd6 9. Qe1 0-0 10. Nh4 Re8 11. b3 a5 12. a3 dxe4 13. dxe4 Nc5 14. Nc4 Bf8 15. Bb2 Nfd7 16. Bc3 b6 17. Nf5 f6 18. g4 Bf7 19. Ncd6 Bxd6 20. Nxd6 Re6 21. Rd1 Qc7 22. Qd2 Nf8 23. Nxf7 Kxf7 24. b4 Nb7 25. Qe3 axb4 26. axb4 Ng6 27. Ra1 Ree8 28. Rfd1 Nf4 29. Bf1 Rxa1 30. Rxa1 Nd6 31. Ra6 Nc8 32. Bd2 g5 33. c4 h5 34. c5 b5 35. gxh5 Rh8 36. Qb3+ Kg7 37. Bxf4 exf4 38. Qe6 Ne7 39. Bxb5 Rxh5 40. Bxc6 g4 41. Be8 Rh6 42. Qf7+ Kh8 43. Rxf6 Rxh3 44. Rxf4 Qe5 45. Qf6+ Qxf6 46. Rxf6 1-0

[Event "Kolomna rapid op"]
[Site "Kolomna"]
[Date "2018.02.17"]
[Round "8"]
[White "Reprintsev, Alexander"]
[Black "Zhuravlev, Stepan"]
[Result "1-0"]
[WhiteElo "2374"]
[BlackElo "2135"]
[PlyCount "61"]
[EventDate "2018.02.16"]
[EventType "swiss (rapid)"]
[EventRounds "11"]
[EventCountry "RUS"]
[SourceTitle "CBM 183 Extra"]
[Source "ChessBase"]
[SourceDate "2018.04.19"]
[SourceVersion "1"]
[SourceVersionDate "2018.04.19"]
[SourceQuality "1"]

1. e4 e5 2. f4 exf4 3. Bc4 g5 4. h4 Bg7 5. Nc3 d5 6. Bxd5 c6 7. Bb3 h6 8. hxg5 Qxg5 9. Qf3 Bg4 10. Qf2 Nf6 11. d4 Nh5 12. Nce2 0-0 13. Nf3 Qg6 14. e5 Nd7 15. Bd2 c5 16. 0-0-0 cxd4 17. Nxf4 Nxf4 18. Bxf4 Rae8 19. Qxd4 b6 20. Rhe1 Nc5 21. Bd5 Ne6 22. Qe3 Nxf4 23. Qxf4 Qf5 24. Qxf5 Bxf5 25. Rd4 Bg6 26. Ra4 a5 27. Rc4 Bh5 28. g4 Bg6 29. Rc6 Rc8 30. Rxg6 Rc5 31. Rd6 1-0

[Event "Kolomna rapid op"]
[Site "Kolomna"]
[Date "2018.02.17"]
[Round "7"]
[White "Zhuravlev, Stepan"]
[Black "Evdokimov, Alexander A"]
[Result "1/2-1/2"]
[WhiteElo "2135"]
[BlackElo "2502"]
[PlyCount "90"]
[EventDate "2018.02.16"]
[EventType "swiss (rapid)"]
[EventRounds "11"]
[EventCountry "RUS"]
[SourceTitle "CBM 183 Extra"]
[Source "ChessBase"]
[SourceDate "2018.04.19"]
[SourceVersion "1"]
[SourceVersionDate "2018.04.19"]
[SourceQuality "1"]

1. d4 Nf6 2. c4 e6 3. Nc3 Bb4 4. Qc2 b6 5. a3 Bxc3+ 6. Qxc3 Bb7 7. Bg5 h6 8. Bxf6 Qxf6 9. f3 c5 10. e3 cxd4 11. Qxd4 Nc6 12. Qxf6 gxf6 13. Rc1 d6 14. Ne2 Ke7 15. Nd4 Ne5 16. Be2 Rac8 17. Kf2 a6 18. Rhd1 Rc7 19. b3 Rhc8 20. Rb1 Nd7 21. Rd2 Rd8 22. Rbd1 Ne5 23. f4 Nd7 24. Bf3 Bxf3 25. gxf3 f5 26. Rg1 Nf6 27. h3 Rg8 28. Rxg8 Nxg8 29. e4 fxe4 30. fxe4 Nf6 31. Kf3 b5 32. e5 dxe5 33. fxe5 Nd7 34. cxb5 Rc3+ 35. Kf4 axb5 36. h4 Rc5 37. b4 Rc4 38. Ke4 f5+ 39. exf6+ Kxf6 40. Ke3 Ne5 41. Nxb5 Rxh4 42. Nd6 Rh3+ 43. Ke4 Rh4+ 44. Ke3 Rh3+ 45. Ke4 Rh4+ 1/2-1/2

[Event "Pardubice Czech op-B 27th"]
[Site "Pardubice"]
[Date "2016.07.24"]
[Round "3"]
[White "Kotyk, Vaclav"]
[Black "Zhuravlev, Stepan"]
[Result "1/2-1/2"]
[WhiteElo "2167"]
[BlackElo "2030"]
[PlyCount "49"]
[EventDate "2016.07.22"]
[EventType "swiss"]
[EventRounds "9"]
[EventCountry "CZE"]
[SourceTitle "CBM 173 Extra"]
[Source "ChessBase"]
[SourceDate "2016.08.29"]
[SourceVersion "1"]
[SourceVersionDate "2016.08.29"]
[SourceQuality "1"]

1. d4 d5 2. c4 c6 3. Nf3 Nf6 4. Nc3 dxc4 5. a4 e6 6. e3 c5 7. Bxc4 Nc6 8. 0-0 cxd4 9. exd4 Be7 10. Qe2 0-0 11. Rd1 Nb4 12. Ne5 b6 13. Bg5 Bb7 14. Nxf7 Rxf7 15. Bxe6 Nbd5 16. Bxf6 Nxf6 17. d5 Bd6 18. Nb5 Bc5 19. d6 Ne4 20. b4 Bxf2+ 21. Kh1 Qh4 22. Bxf7+ Kxf7 23. Ra3 Ng3+ 24. Rxg3 Bxg3 25. Qe7+ 1/2-1/2

[Event "RUS-chT U14"]
[Site "Sochi"]
[Date "2015.05.04"]
[Round "4.3"]
[White "Zhuravlev, Stepan"]
[Black "Tishkin, Boris"]
[Result "1-0"]
[WhiteElo "1879"]
[BlackElo "1529"]
[PlyCount "101"]
[EventDate "2015.05.01"]
[EventType "team-swiss"]
[EventRounds "7"]
[EventCountry "RUS"]
[SourceTitle "EXT 2018"]
[Source "ChessBase"]
[SourceDate "2017.10.13"]
[SourceVersion "1"]
[SourceVersionDate "2017.10.13"]
[SourceQuality "1"]

1. d4 d5 2. c4 e6 3. Nc3 Nf6 4. cxd5 exd5 5. Bg5 Be7 6. e3 0-0 7. Bd3 h6 8. Bf4 c6 9. Qc2 Bd7 10. Nf3 a5 11. 0-0 Na6 12. a3 Nh5 13. Be5 Be6 14. h3 Bd6 15. Ne2 Re8 16. Rac1 Nf6 17. Bxd6 Qxd6 18. Ne5 Nd7 19. f4 f6 20. Nf3 Bf7 21. Kf2 Qe7 22. Qd2 Nb6 23. Ng3 Nc7 24. Nf5 Qe6 25. g4 Nc8 26. N3h4 Nd6 27. Nxd6 Qxd6 28. Nf5 Qd7 29. Rg1 Be6 30. h4 Bxf5 31. Bxf5 Qf7 32. Qd3 Re7 33. Rg3 Ne6 34. Bg6 Qf8 35. f5 Nd8 36. g5 fxg5 37. hxg5 hxg5 38. Rh1 Qf6 39. Rh5 Nf7 40. Qe2 Re4 41. Bxf7+ Kxf7 42. Rhxg5 Rg8 43. Qh5+ Kf8 44. Rg6 Qf7 45. Qf3 Rh4 46. f6 Rh7 47. Qf5 Rgh8 48. Qc8+ Qe8 49. fxg7+ Kf7 50. Qxe8+ Rxe8 51. g8Q+ 1-0